Fransız filozofu kimdir? (Record no. 10107)

MARC details
000 -BAŞLIK
Sabit Uzunlukta Kontrol Alanı 01250na a2200337 4500
001 - KONTROL NUMARASI
Denetim Alanı 12578
003 - KONTROL NUMARASI IDENTIFIER
Denetim Alanı MIRAKIL
005 - SON İŞLEM TARİHİ VE ZAMANI
Denetim Alanı 20181213155307.0
008 - SABİT-BOY VERİ ELEMANLARI - GENEL BİLGİLER
Sabit Uzunlukta Kontrol Alanı 160809b tu 000 0
020 ## - ULUSLARARASI STANDART KİTAP NUMARASI
Uluslararası Standart Kitap Numarası 9786053992813
035 ## - SİSTEM KONTROL NUMARASI
Sistem Kontrol Numarası 12578
040 ## - KATALOGLAMA KAYNAK
Orijinal Kataloglama Ajansı Milas
Kataloglama Dili tur
Metne Dönüştürmek Ajansı TR-AnCHP
082 ## - DEWEY ONLU SINIFLANDIRMA NUMARASI
Sınıflandırma Numarası 194
Ürün Numarası F21f 2013
090 ## - SINIFLAMA NUMARASI
Sınıflama Numarası 194 F21f 2013
100 ## - ANA GİRİŞ - KİŞİSEL İSİM
Kişisel Ad Fabiani, Jean-Louis
245 ## - BAŞLIK TABLOSU
Başlık Fransız filozofu kimdir?
Başlığın Kalan Kavramların toplumsal yaşamı (1880-1980)
Sorumluluk Tablosu, Vb Jean-Louis Fabiani ; Çeviren Alev Er
246 ## - UNVAN FORM VARYING
Başlık Doğru / Kısa Başlığı Kavramların toplumsal yaşamı (1880-1980)
260 ## - YAYIN, DAĞITIM, VB
Yayın, Dağıtım, Vb Yeri İstanbul
Yayıncı, Dağıtıcı, Vs Adı İstanbul Bilgi Üniversitesi Yayınları
Yayın, Dağıtım, Vb Tarihi 2013
300 ## - FİZİKSEL TANIM
Kapsam 250 s.
Boyutlar 23 sm.
490 ## - SERİSİ TABLOSU
Seri Beyanı Kavramlar ve Pratikler
Hacim / Ardışık Tanımı 3
490 ## - SERİSİ TABLOSU
Seri Beyanı İstanbul Bilgi Üniversitesi yayınları
Hacim / Ardışık Tanımı 422
500 ## - GENEL NOT
Genel Not Özgün yapıt adı: Qu'est-ce qu'un philosophe français? : La vie sociale des concepts (1880-1980)
500 ## - GENEL NOT
Genel Not Karşılaştırmalı kronoloji: 227-232 ss.
504 ## - KAYNAKÇA VB NOT
Kaynakça Vb Notu Kaynakça (ss. 233-240) ve dizin var
650 ## - KONU KATMA GİRİŞ - TOPİKAL DÖNEM
Topikal Süreli Veya Coğrafi Ad Giriş Elemanı Felsefe
Genel Alt Bölümü Fransız
Kronolojik Alt Bölümü 20. yüzyıl
650 ## - KONU KATMA GİRİŞ - TOPİKAL DÖNEM
Topikal Süreli Veya Coğrafi Ad Giriş Elemanı Felsefe
Genel Alt Bölümü Fransız
Kronolojik Alt Bölümü 19. yüzyıl
651 ## - KONU KATMA GİRİŞ - COĞRAFİ ADI
Coğrafi İsim Fransa
Genel Alt Bölümü Entelektüel yaşam
Kronolojik Alt Bölümü 20. yüzyıl
651 ## - KONU KATMA GİRİŞ - COĞRAFİ ADI
Coğrafi İsim Fransa
Genel Alt Bölümü Entelektüel yaşam
Kronolojik Alt Bölümü 19. yüzyıl
700 ## - KATMA GİRİŞ - KİŞİSEL İSİM
Kişisel Ad Er, Alev
942 ## - EKLENDİ GİRİŞ ELEMANLARI (KOHA)
Sınıflandırma Veya Raf Düzeni Kaynak
Koha Öğesi Türü Books
999 ## - SİSTEM KONTROL NUMARALARI (KOHA)
Koha Biblionumber 10107
Koha Biblioitemnumber 10107
Holdings
Kalıcı Konum Mevcut Konum Edinme Tarihi Edinim Kaynak Toplam Check-Out'Lar Tam Çağrı Numarası Barkod Tarih Son Görülme İtibaren Geçerli Fiyatlar Koha Öğesi Türü
CHP Kütüphanesi CHP Kütüphanesi 07/26/2016 Bağış   194 F21f 2013 000117 07/26/2016 07/26/2016 Books